| 000 | 00494nam a2200145 i 4500 | ||
|---|---|---|---|
| 001 | 82524 | ||
| 003 | ES-MaACL | ||
| 007 | t| | ||
| 008 | 041110s1918 xxk ||||1| eng d | ||
| 100 | 1 |
_aInge, William Ralph. _965279 |
|
| 245 | 1 | 4 |
_aThe Philosophy of Plotinus _b: the Gifford Lectures at St. Andrews 1917-1918 / _cby William Ralph Inge. |
| 260 |
_aLondon : _bLongmans, Green and Co, _c1918 ( _ePlymouth : _fWilliam Brendon and Sons) |
||
| 300 |
_a2 v. ; _c23 cm. |
||
| 852 |
_aES-MaACL _jG-4147-48 |
||
| 999 |
_c82524 _d82524 |
||